Loading...
| History - European History | 0 | 3 | 0 | 0 | 30 | 105 | 113.33 | 0 | 1 |
| History - World History | 0 | 3 | 1 | 0 | 25 | 81 | 102.67 | 1 | 2 |
| Literature - Long Fiction | 0 | 2 | 0 | 0 | 20 | 116 | 121.50 | 0 | 1 |
| Geography | 0 | 2 | 0 | 0 | 20 | 101 | 113.00 | 0 | 1 |
| Science - Physics | 0 | 2 | 0 | 1 | 20 | 88 | 109.00 | 0 | 1 |
| Current Events | 1 | 0 | 0 | 0 | 15 | 19 | 19.00 | 1 | 1 |
| History - American History | 1 | 0 | 0 | 0 | 15 | 84 | 84.00 | 0 | 1 |
| History - Ancient History | 0 | 1 | 0 | 0 | 10 | 99 | 99.00 | 0 | 1 |
| Other Academic | 0 | 1 | 0 | 0 | 10 | 152 | 152.00 | 0 | 0 |
| Social Science | 0 | 1 | 0 | 1 | 10 | 140 | 140.00 | 0 | 1 |
| Mythology | 0 | 1 | 2 | 0 | 0 | 145 | 145.00 | 0 | 0 |
| Literature - Drama | 0 | 0 | 0 | 0 | 0 | 0.00 | 0 | 0 | |
| Fine Arts - Classical Music | 0 | 0 | 0 | 0 | 0 | 0.00 | 0 | 0 | |
| Fine Arts - Other Fine Arts | 0 | 0 | 1 | 0 | -5 | 0.00 | 0 | 0 |